000 00317nam a2200109Ia 4500
008 160531s9999 xx 000 0 und d
100 _aNewman, Mark.
245 _aComputational Physics with Python
245 _cby Mark Newman
260 _c2012
856 _uhttp://www-personal.umich.edu/~mejn/computational-physics/
999 _c295176
_d295176